00698nam a2200217Ia 4500003000900000008004100009040001300050040001300063041000800076100001800084245009300102250001200195260001200207260000900219300001000228300001000238490000600248942000700254999001700261952020200278IT-RoPAU120407s9999 xx 000 0 und d aIT-RoPAU cIT-RoPAU aita aPierre Benoit aRivelazione e ispirazione, secondo la Bibbia, in san Tommaso e nelle discussioni moderne aBrescia aPaideia c1965 a96 p. c18 cm v1 cBK c37397d37397 00102ddc406220_100000000000000_3571aPAULUSbPAULUSd2012-04-11l0o220.1.35r2012-04-11 00:00:00w2012-04-11yBKzInserito da: Carla In data: 24 ottobre 2011 fondo: Via A.Severo 56 Progr:31240